Advertising Management (Record no. 10857)

MARC details
000 -LEADER
fixed length control field 00356nam a2200145Ia 4500
008 - FIXED-LENGTH DATA ELEMENTS--GENERAL INFORMATION
fixed length control field 191201s2009 xx 000 0 und d
082 ## - DEWEY DECIMAL CLASSIFICATION NUMBER
Classification number 659.1
Item number BAA
100 ## - MAIN ENTRY--PERSONAL NAME
Personal name BATRA, Rajeev
245 #0 - TITLE STATEMENT
Title Advertising Management
250 ## - EDITION STATEMENT
Edition statement 5th
260 ## - PUBLICATION, DISTRIBUTION, ETC. (IMPRINT)
Place of publication, distribution, etc New Delhi
Name of publisher, distributor, etc Pearson
Date of publication, distribution, etc 2019
300 ## - PHYSICAL DESCRIPTION
Extent 768
650 ## - SUBJECT ADDED ENTRY--TOPICAL TERM
Topical term or geographic name as entry element Bachelor of Mass Communication
942 ## - ADDED ENTRY ELEMENTS (KOHA)
Source of classification or shelving scheme Dewey Decimal Classification
Koha item type Text Books
Holdings
Withdrawn status Lost status Source of classification or shelving scheme Damaged status Not for loan Collection code Home library Current library Date acquired Source of acquisition Currency Cost, normal purchase price Bill Number Total Checkouts Full call number Acc. no. / Barcode Date last seen Actual Cost, discounted price Bill Date Koha item type
    Dewey Decimal Classification     Bachelor Of Mass Communication PIET NCR College Library PIET NCR College Library 01/09/2021 Kirti Prakashan IN Rupees 699.00 IN2432   659.1 BAA N1911 02/09/2021 475.32 01/09/2021 Reference Books
    Dewey Decimal Classification     Bachelor Of Mass Communication PIET NCR College Library PIET NCR College Library 01/09/2021 Kirti Prakashan IN Rupees 699.00 IN2432   659.1 BAA N1912 02/09/2021 475.32 01/09/2021 Text Books

Design & Developed by: PIET Central Library
R70 Miles Stone Pattikalyana Samalkha Panipat 132102
mail ID :- [email protected], Phone No:- 0180-2569700 Ex.216